Statistiken für Bevölkerungsreichste Stadt nach Kanton (ohne Hauptstadt)

Klicken Sie hier um das Quiz zu spielen!

Allgemein

  • Dieses Quiz wurde 24 mal gespielt
  • Das Durchschnittsergebnis liegt bei 10 aus 19

Antwortstatistiken

KantonEinwohnerzahlStadt% Korrekt
ZH113'173Winterthur
95%
BE55'602Biel
90%
TI62'615Lugano
85%
SO18'399Olten
80%
GR10'868Davos
70%
ZG24'617Baar
65%
TG22'188Kreuzlingen
55%
NE37'494La-Chaux-de-Fonds
50%
SG27'277Rapperswil-Jona
50%
BS21'449Riehen
50%
VD30'156Yverdon-les-Bains
50%
LU31'043Emmen
45%
VS18'297Martigny
40%
SH10'467Neuhausen am Rheinfall
40%
AG20'934Wettingen
40%
FR23'871Bulle
30%
SZ16'506Freienbach
30%
GE34'958Vernier
30%
BL21'090Allschwil
25%

Verteilung der Resultate

Perzentil nach korrekt beantworteten Fragen

Anzahl Personen mit jedem Resultat

Ihre Resultats-Entwicklung

Sie haben dieses Quiz noch nicht gespielt